[Event "Luzern"]
[Site "Luzern"]
[Date "1989.??.??"]
[Round "?"]
[White "Klinger, Josef"]
[Black "Huss, Andreas"]
[Result "1/2-1/2"]
[WhiteElo "2475"]
[BlackElo "2355"]
[Annotator "Ribli,Z"]
[PlyCount "125"]
[EventDate "1989.10.??"]
[EventType "tourn"]
[EventRounds "11"]
[EventCountry "SUI"]
[EventCategory "8"]
[SourceTitle "CBM 016"]
[Source "ChessBase"]
[SourceDate "1990.06.01"]
[SourceVersion "1"]
[SourceVersionDate "1990.06.01"]
[SourceQuality "1"]

1. Nf3 Nf6 2. c4 e6 3. g3 d5 4. b3 Be7 (4... a5 $5 5. Bg2 a4 6. Ba3 $5 (6. Na3
Be7 7. Bb2 O-O 8. O-O c6 $5 (8... Nbd7 9. d3 c6 10. Nc2 a3 11. Bc3 Bd6 12. Re1
Qe7 {12...e5!?} 13. e4 dxe4 14. dxe4 e5 15. Nh4 {Bagirov,V-Zaitschik,G  Berlin
1989 47/(12) CBM/13  +/=}) 9. d3 Qa5 10. Nc2 Na6 $5 11. Rb1 axb3 12. axb3 Bd7
13. Ne5 Nb4 {Beliavsky,A-Salov,V  URS ch 1988 46/10 CBM/13  =}) 6... axb3 7.
axb3 Bxa3 8. Nxa3 c6 9. O-O O-O 10. d3 Qb6 11. d4 $5 Ra5 12. Ne5 Nbd7 13. f4
Nxe5 14. fxe5 Ng4 15. Qd2 Ra6 16. Qc3 Bd7 17. c5 {Gurevich,D-Gurevich,M  New
York 1989 47/12 CBM/12}) 5. Bg2 O-O 6. O-O a5 7. Bb2 a4 8. bxa4 $6 Nbd7 9. cxd5
exd5 10. Bxf6 Bxf6 11. d4 c6 {=} 12. e3 Qa5 13. Bh3 Qxa4 14. Qxa4 Rxa4 15. Nc3
Ra3 16. Rfc1 Nb6 17. Bxc8 Nxc8 18. Rab1 Nd6 19. Ne5 Rfa8 20. Rc2 g6 21. Kf1
R8a7 22. Nd7 Bd8 23. Rb3 f6 24. Ke2 Kf7 25. f3 Ke7 26. Nc5 Rxb3 27. axb3 Ra3
28. Rb2 Ba5 29. Nb1 Ra1 30. Kd3 Bb4 31. Na4 f5 32. Nbc3 Bxc3 33. Nxc3 g5 34.
Rg2 g4 35. fxg4 fxg4 36. h3 h5 37. hxg4 hxg4 38. Rh2 Rg1 39. Rh7+ Kd8 40. Ne2
Rd1+ 41. Kc2 Re1 42. Kd2 Rf1 43. Nf4 Rf3 44. Ne6+ Ke8 45. Nc7+ Kf8 46. Ne6+ Ke8
47. Nc7+ Kd8 48. Ne6+ Kc8 49. Rh8+ Kd7 50. Nc5+ Ke7 51. Rh7+ Ke8 52. Rh8+ Ke7
53. Rh7+ Ke8 54. Rh8+ Kf7 55. Rh7+ Kg6 56. Rd7 Rf6 57. Nd3 Ne4+ 58. Kc2 Nxg3
59. Ne5+ Kf5 60. Rg7 Nf1 61. Nxg4 Rg6 62. Rf7+ Ke6 63. Rxf1 1/2-1/2

[Event "YUG-ch"]
[Site "Novi Sad"]
[Date "1995.??.??"]
[Round "?"]
[White "Tosic, Miroslav"]
[Black "Petronic, Jovan"]
[Result "0-1"]
[WhiteElo "2435"]
[BlackElo "2460"]
[Annotator "Ribli,Z"]
[PlyCount "148"]
[EventDate "1995.02.??"]
[EventType "tourn"]
[EventRounds "17"]
[EventCountry "YUG"]
[EventCategory "10"]
[SourceTitle "CBM 049"]
[Source "ChessBase"]
[SourceDate "1995.12.01"]
[SourceVersion "1"]
[SourceVersionDate "1995.12.01"]
[SourceQuality "1"]

1. Nf3 {Hecht} Nf6 2. c4 e6 3. Nc3 c5 4. g3 b6 5. Bg2 Bb7 6. O-O Be7 7. b3 d5
8. e3 O-O 9. Bb2 Nbd7 10. Qe2 a6 (10... Rc8 11. Rfd1 Qc7 12. Rac1 Qb8 $10 {
Psakhis,L-Huebner,R/Baden Baden/1992/CBM33/}) 11. Rfd1 (11. d3 Qc7 12. e4 d4
13. Nb1 e5 14. Nh4 g6 15. Bc1 Ne8 $13 {Gonzalez,Be-Diaz,JC/Capablanca mem-B/
1993/EXP35/}) 11... Qc7 12. Rac1 dxc4 $5 (12... Rac8 $6 13. cxd5 Nxd5 14. Nxd5
Bxd5 15. e4 (15. Qxa6 Ra8 16. Qd3 Rxa2 17. Qb1 Qa7 $13) 15... Bb7 16. d4 Qb8
17. d5 $1 $14) 13. bxc4 Rac8 14. e4 $6 {Weiss koennte diesen Zug mit 14.h3
vorbereiten.} Ng4 $1 {Die richtige Antwort. Schwarz will den d4-Punkt besetzen.
} 15. Ne1 (15. h3 Nge5 16. Nxe5 Nxe5 17. f4 Nc6 18. e5 Nd4 19. Qf2 f5 $13)
15... Nge5 16. f4 Nc6 {[#]} 17. Nd5 $6 {Ein zweischneidiger Versuch, die
Stellung zu verschaerfen.} (17. Nf3 Nd4 18. Qf2 $5 (18. Nxd4 $6 cxd4 19. Nb1 e5
20. fxe5 Bc5 21. d3 Nxe5 $15) 18... Nxf3+ 19. Bxf3 Nb8 20. e5 Nc6 21. Ne4 Rcd8
$13) 17... exd5 18. cxd5 (18. exd5 Bf6 (18... Rfe8 $5) 19. Bxf6 Nxf6 20. dxc6
Bxc6 $15) 18... Nb4 $1 {Schwarz will die geopferte Figur zurueckgeben.} (18...
Nd8 19. e5 $44 {Wahrscheinlich hat Weiss mit seinem Bauernpulk einige
Kompensation fuer den geopferten Springer.}) 19. a3 Nxd5 20. exd5 Rfe8 21. Nd3
(21. d4 $2 c4 $17) 21... Bf6 22. Qf2 Qd6 {Weiss kann den Bauernverlust nicht
verhindern.} 23. Ne5 $5 {Diese Fortsetzung gibt fuer den Anziehenden einige
Moeglichkeiten die Partie zu retten.} (23. Bxf6 Nxf6 24. Ne5 Bxd5 25. d4 c4 $17
) 23... Nxe5 24. fxe5 Bxe5 25. Bxe5 Rxe5 26. d4 cxd4 27. Rxc8+ (27. Qxd4 $5)
27... Bxc8 28. Qxd4 Bd7 $1 {Schwarz blockiert den d-Bauer.} 29. Qb4 Qxb4 30.
axb4 Kf8 31. d6 Ke8 32. Kf2 Bb5 33. Rd2 Kd8 34. Bd5 Rf5+ 35. Ke3 Rf6 36. Bf3
Re6+ 37. Kf4 (37. Kf2 g6 {Droht /\ Kd7 -+}) 37... Re1 (37... g6 38. Kg5 Kd7 39.
Kh6 Rxd6 40. Rxd6+ Kxd6 41. Kxh7 {Weiss hat mit der Idee Kg7 und h4,g4 gute
Remischancen.}) 38. h4 Rc1 39. Rd4 h6 40. Bd5 Kd7 41. Bf3 (41. Bxf7 Rf1+ $19)
41... Rc4 42. Bg4+ Kd8 43. Rxc4 Bxc4 {Hecht: L-L; zemtraler Freibauer vs. 2
Flügelfreibauern; schwarzer a-Freibauer bindet wK; Technik} 44. Ke5 Bb3 45. Be2
$1 a5 46. bxa5 bxa5 47. Bb5 {Weiss soll natuerlich Kd7 verhindern.} a4 48. Kd4
a3 49. Kc3 Be6 50. Bc6 g6 51. Bb5 (51. Kc2 {Hecht} Bd7 52. Bd5 Bf5+ 53. Kc3 (
53. Kb3 Be6 54. Bxe6 fxe6 55. Kxa3 Kd7 56. Kb4 Kxd6 57. Kc4 Ke5 58. Kd3 Kf5 59.
Ke3 Kg4 60. Kf2 e5 $19) 53... Kd7 54. Bxf7 Kxd6 55. g4 Be4 56. g5 h5 $19) 51...
Bd5 52. Ba4 {Wie kann Schwarz diese Stellung gewinnen?} Kc8 $1 {Hecht: Jetzt
beginnt das entscheidende Manoever. Umgehung des Bd6} 53. Bb5 Kb7 54. Be8 Kb6
55. Ba4 g5 56. hxg5 hxg5 57. Be8 f5 58. Bd7 (58. Ba4 {Hecht} f4 59. gxf4 gxf4
60. Bd1 Kc6 $19) 58... Kc5 $1 59. Bxf5 Kxd6 60. Bc2 Ke5 61. Bd3 Be6 62. Bc2 a2
63. Kb2 Kd4 64. Bd1 Ke3 65. Bh5 Kf2 66. g4 Kg3 67. Ka1 Kh4 68. Be8 (68. Kb2 Kh3
$1 {Gewinnt noch ein Tempo.} 69. Ka1 Bxg4 70. Bf7 Bf5 71. Bxa2 g4 72. Kb2 Kg2
73. Kc3 Kf2 74. Kd2 g3 75. Bd5 Bg4 76. Bc6 Bf3 77. Bxf3 Kxf3 78. Ke1 g2 $19)
68... Kxg4 69. Ba4 Kf4 70. Bd1 Bd5 71. Be2 Bf3 72. Bf1 g4 73. Kxa2 Ke3 74. Kb2
Kf2 {Ribli} 0-1

[Event "Hoogovens op"]
[Site "Wijk aan Zee"]
[Date "1995.01.??"]
[Round "3"]
[White "Brodsky, Michail"]
[Black "Winants, Luc"]
[Result "1-0"]
[WhiteElo "2535"]
[BlackElo "2500"]
[Annotator "Ribli,Z"]
[PlyCount "61"]
[EventDate "1995.01.??"]
[EventType "swiss"]
[EventRounds "12"]
[EventCountry "NED"]
[SourceTitle "CBM 046"]
[Source "ChessBase"]
[SourceDate "1995.06.01"]
[SourceVersion "1"]
[SourceVersionDate "1995.06.01"]
[SourceQuality "1"]

1. Nf3 d5 2. c4 e6 3. g3 Nf6 4. Bg2 Be7 5. O-O O-O 6. b3 b6 7. Bb2 Bb7 8. e3
Nbd7 9. Qe2 a5 $6 {Ein zweischneidiger Zug.} (9... c5 $5 10. d3 Qc7 11. Nc3
Rad8 $1 {Schwarz will das Gegenspiel im Centrum erreichen.} 12. Rfd1 Qb8 13.
Rac1 Qa8 14. Ne1 Rfe8 15. e4 Qb8 16. f4 d4 17. Nb1 e5 18. f5 g6 19. g4 gxf5 20.
gxf5 Bf8 $1 21. Rc2 Bh6 22. Bc1 Bxc1 23. Rdxc1 Kf8 $1 24. Bf3 Ke7 $15 {Schwarz
uebernimmt die Initiative. Hickl,J-Bischoff,K/Munich/1990/CBM18/}) 10. Nc3 Ne4
11. Rfd1 $5 (11. d3 Nxc3 12. Bxc3 Bf6 13. Qb2 Bxc3 14. Qxc3 c5 15. Rfd1 Qe7 16.
a4 $6 Rad8 17. Rac1 e5 $10 {Ermenkov,E-Cifuentes Parada,R/Wijk-B/1992/CBM28/})
11... Bf6 12. Rac1 a4 13. d4 $1 Nxc3 14. Bxc3 axb3 15. axb3 {Schwarz hat mit
dem Plan a5-a4-ab3 gar nichts erreicht, sondern nur einige Tempo verliert.} Qb8
$6 (15... Re8 $5) 16. Ne5 $1 Rd8 17. Ng4 Be7 18. e4 {Weiss verbessert seine
Stellung thematisch.} dxe4 19. d5 $1 {Ein chancenreiches (vielleicht nur
voruebergehend) Bauernopfer, das die Initi- ative dem Anziehenden sichert.}
exd5 20. cxd5 Re8 (20... f5 21. Bxe4 $1 fxe4 (21... fxg4 22. Bxh7+ Kxh7 23.
Qxe7 $18) 22. Qxe4 Bf6 23. Qe6+ Kh8 24. Nxf6 Nxf6 25. Bxf6 gxf6 26. Qxf6+ Kg8
27. Qg5+ Kh8 28. Qe5+ Kg8 29. Rxc7 $18) 21. Qxe4 Qd8 (21... Ba3 $2 22. Nh6+
gxh6 23. Qg4+ $18) (21... Bg5 $2 22. Qd4 Nf6 23. f4 $18) 22. Qf5 Ba3 23. d6 $1
{Dieser Vorstoss ist fuer derartige Stellungen typisch.} Bxg2 (23... Bxc1 24.
Bxb7 Rb8 25. dxc7 Qxc7 26. Rxd7 $18) 24. dxc7 Qe7 25. Kxg2 Nc5 (25... Bxc1 26.
Rxd7 Qe4+ 27. Qxe4 Rxe4 28. Ne5 $18) 26. Re1 Ne6 {[#]} (26... Qxc7 27. Nf6+
gxf6 28. Qxf6 $18) 27. Nf6+ $1 {Eine kleine aber huebsche Kombination
entscheidet die positionell gut angelegte Partie.} gxf6 28. Bxf6 Qd7 (28... Qf8
29. Qg4+ Ng7 30. Rxe8 Rxe8 31. c8=Q $18) 29. Qg4+ Kf8 30. Bg7+ $1 Ke7 (30...
Kg8 31. Bb2+ Kf8 32. Bxa3+ Rxa3 33. Qb4+ Qe7 34. Qxe7+ Kxe7 35. c8=Q $18) 31.
Qh4+ {Ribli} 1-0

[Event "Leonid Stein Memorial"]
[Site "Lvov"]
[Date "2000.05.16"]
[Round "5"]
[White "Krasenkow, Michal"]
[Black "Beliavsky, Alexander G"]
[Result "0-1"]
[WhiteElo "2661"]
[BlackElo "2640"]
[Annotator "Ribli,Z"]
[PlyCount "90"]
[EventDate "2000.05.12"]
[EventType "tourn"]
[EventRounds "10"]
[EventCountry "UKR"]
[EventCategory "17"]
[SourceTitle "CBM 077"]
[Source "ChessBase"]
[SourceDate "2000.07.27"]
[SourceVersion "1"]
[SourceVersionDate "2000.07.27"]
[SourceQuality "1"]

1. c4 e6 2. g3 d5 3. Bg2 Nf6 4. Nf3 Be7 {Beliavsky möchte die Stellung
geschlossen halten. Die Hauptalternative wäre 4.dxc4.} 5. O-O O-O 6. b3 {
Statt dessen konnte Weiß mit 6.d4 in eine Hauptvariante der katalanischen
Eröffnung überleiten.} c5 7. cxd5 {Mit dieser Fortsetzung erreicht Weiß keinen
Eröffnungsvorteil. Nachhaltiger wäre 7.Bb2.} (7. Bb2) 7... Nxd5 (7... exd5 $6
8. d4 $14 {Anschließend kann Weiß dxc5 spielen und den schwarzen Pd5 isolieren.
}) 8. Bb2 b6 (8... Bf6 {Dieser einfache Zug führt zu Ausgleich - Schwarz
möchte den schwarzfeldrigen Läufer tauschen.} 9. Qc2 Nb4 10. Qc1 N8c6 11. Nc3
b6 12. a3 Nd5 13. Nxd5 exd5 14. d4 Ba6 15. Re1 Nxd4 16. Nxd4 cxd4 17. Qd2 Re8
18. Rad1 Rc8 19. Bxd4 Bxd4 20. Qxd4 Bxe2 21. Rc1 Ba6 22. Bxd5 Rxe1+ 23. Rxe1
Bb7 24. Rd1 Qxd5 25. Qxd5 Bxd5 26. Rxd5 g6 {1/2-1/2 Telljohann,S-Dautov,R/
Germany 1998/GER-chT2 (26)}) 9. Nc3 (9. d4 Bf6 10. Qc1 $11) 9... Bb7 10. Nxd5
Bxd5 (10... Qxd5 $11) 11. Qb1 {Damit bereitet Weiß das Manöver Bc3-Qb2 vor.} (
11. d4 Nd7 12. Rc1 Rc8 13. Qd2 Bf6 14. Rfd1 cxd4 15. Bxd4 Qe7 16. Bxf6 Qxf6 17.
Ne5 {1/2-1/2 Ianov,V-Oral,T/Presov 1997/EXT 98 (17)}) (11. Qc2 Nd7 12. Rac1 Rc8
13. Rfd1 Bf6 14. Bc3 Rc7 15. Qb2 Qa8 16. Bxf6 Nxf6 17. Qe5 Rd7 18. d4 Rfd8 {
1/2-1/2 Gutman,L-Bischoff,K/Gladenbach 1997/CBM 61 ext (68)}) 11... Nd7 {
Schwarz hat keine Entwicklungsprobleme - er erfreut sich einer bequemen,
ausgeglichenen Stellung.} (11... Bf6 12. Rd1 Bxb2 13. Qxb2 Nc6 14. d4 Qf6 15.
Rd2 cxd4 16. Nxd4 Bxg2 {1/2-1/2 Stocek,J-Oral,T/Prague 1997/EXT 98 (16)}) 12.
Bc3 (12. Rd1 Qc7 13. d4 Qb7 14. dxc5 Nxc5 15. Bd4 {1/2-1/2 Smejkal,J-Ribli,Z/
Luzern 1982/EXT 97-B (15)}) 12... Re8 {Schwarz bereitet den Zug Bf8 für den
Fall von Qb2 vor.} 13. Rd1 Rc8 14. Qb2 Bf8 15. d4 $11 Qc7 {[%cal Gc7b7,Gb7g2]}
(15... c4 $6 16. bxc4 Bxc4 (16... Rxc4 17. Nd2 Rc8 18. e4 $14) 17. e4 $14) 16.
Rac1 (16. dxc5 Nxc5 $11) 16... Qb7 17. Ne1 {Weiß möchte den Bd5 abtauschen.} (
17. dxc5 Nxc5 $11) 17... Bxg2 18. Nxg2 c4 $5 {Mit diesem Zug vermeidet Schwarz
Vereinfachungen im Zentrum durch dxc5 und führt eine asymmetrische Stellung
herbei. Die Dame steht gut auf b7, so kommt Weiß nicht zu e2-e4.} (18... cxd4
19. Bxd4 $11) 19. Ne3 (19. bxc4 Rxc4 20. Ne3 Rcc8) 19... cxb3 20. Qxb3 (20.
axb3 Nf6) 20... Qa6 {[%cal Ra6e2]} 21. Rc2 Rc6 22. Rdc1 Rec8 23. Be1 (23. d5
Nc5 24. Qb1 exd5 25. Nxd5 Ne4 (25... Ne6 26. Be5 $11) 26. Bb4 Qxe2 $5 (26...
Rxc2 27. Rxc2 Rxc2 28. Qxc2 $14) 27. Rxc6 Qxf2+ 28. Kh1 Qf3+ $11) 23... Rxc2
24. Rxc2 Rxc2 25. Qxc2 Nf6 {Schwarz hat die Bauernmehrheit am Damenflügel -
theoretisch kann das für Weiß zur Gefahr werden, aber in dieser konkreten
Stellung ist es für Schwarz nicht leicht, seine Mehrheit zu mobilisieren.} 26.
Nc4 Qc8 {[%cal Gc8c2]} 27. Qd3 b5 28. Ne5 a6 29. f3 {[%cal Ge2e4] Weiß möchte
anschließend e2-e4 ziehen und seine Mehrheit im Zentrum mobilisieren.} h6 30.
Qb3 Qc1 31. Kf2 Nd5 $15 {Schwarz besitzt spürbar Initiative, aber die weiße
Stellung ist solide.} 32. e4 Qa1 $1 {[%cal Ra1d4,Rd4f2]} 33. Nc6 (33. Ke2 Nb6
34. Bf2 Bd6 $15 (34... Qh1 35. d5 $36)) (33. exd5 $2 Qxd4+ 34. Qe3 Bc5 35. Qxd4
(35. Bd2 $4 Qxd2+ $19) 35... Bxd4+ 36. Ke2 Bxe5 $19) 33... Nb6 34. Ke2 h5 35.
Nb8 (35. h4 $5) 35... Qxd4 36. Nxa6 Nc4 {[%csl Gc4,Gd4][%mdl 2048] Das
Material ist reduziert, aber Weiß sieht sich wegen seiner offenen
Königsstellung vor einigen Problemen.} 37. Nc7 Qg1 38. Bf2 Qg2 $6 {Dieser Zug
sieht auf den ersten Block chancenreich aus, die Annahme des Ph2 wäre jedoch
besser.} (38... Qxh2 $5 39. Qxb5 (39. Nxb5 Bc5 40. Qxc4 Qxf2+ $19) 39... Bd6 {
[%csl Re2][%cal Rd6c7,Rd6g3,Rg3f2]} 40. Nxe6 (40. Qxc4 Bxg3 41. Qc5 Bxf2 $19)
40... Bxg3 (40... fxe6 41. Qxc4 Bxg3 42. Qxe6+ Kh8 43. Qb6 h4 44. a4 h3 45. a5
Qg2 $11) 41. Qe8+ Kh7 42. Ng5+ (42. Nf8+ Kh6 $19) 42... Kg6 43. Qxf7+ Kxg5 44.
Qxg7+ (44. Qf5+ Kh6 $19) 44... Kh4 45. Qe7+ Kh3 46. Qe6+ Kg2 47. Qxc4 Qh1 $19)
39. Qxb5 Nd2 40. Qxh5 $2 $138 {[%mdl 8192]} (40. Kxd2 $8 Qxf2+ 41. Qe2 Qd4+ (
41... Bb4+ 42. Kd3 Qb6 43. Qb2 $1 $14) 42. Qd3 Qf2+ $11) (40. Qd3 $2 Bc5 41.
Kxd2 Bxf2 42. Kc3 Qxh2 $17) {[#]} 40... Bb4 $1 $19 {Nach diesem Zug ist Weiß
verloren - sein König befindet sich in Mattnetz.} 41. Nxe6 Qf1+ (41... fxe6 $2
42. Qe8+ Kh7 (42... Bf8 43. Qxe6+ Kh8 44. Qf7 $11) 43. Qh5+ $11) 42. Ke3 Nc4+
43. Kf4 Qxf2 44. Qb5 Bd6+ 45. Kg5 Qxf3 (45... Qxf3 46. Qxc4 Be7#) 0-1

[Event "RUS-ch"]
[Site "Elista"]
[Date "1994.??.??"]
[Round "8"]
[White "Panchenko, Alexander N"]
[Black "Potapov, Alexander"]
[Result "1-0"]
[WhiteElo "2475"]
[BlackElo "2380"]
[Annotator "Ribli,Z"]
[PlyCount "51"]
[EventDate "1994.09.??"]
[EventType "swiss"]
[EventRounds "11"]
[EventCountry "RUS"]
[SourceTitle "CBM 044"]
[Source "ChessBase"]
[SourceDate "1995.02.01"]
[SourceVersion "1"]
[SourceVersionDate "1995.02.01"]
[SourceQuality "1"]

1. Nf3 d5 2. c4 e6 3. g3 Nf6 4. Bg2 Be7 5. O-O O-O 6. b3 Nbd7 7. Bb2 b6 8. cxd5
(8. Nc3 Bb7 9. e3 c5 10. Rc1 Rc8 11. d3 (11. Qe2 $5) 11... Qc7 12. Rc2 Rfd8 13.
Qa1 dxc4 $1 $13 {Fauland,A-Ribli,Z/CBM38/}) 8... Nxd5 9. e4 Nb4 $5 (9... N5f6
10. Nc3 Ba6 $5 (10... Nc5 11. d4 Ncxe4 12. Nxe4 Nxe4 13. Nd2 Nxd2 14. Bxa8 Ba6
15. Re1 Qxa8 16. Qxd2 Bb7 $14) (10... Bb7 11. Qc2 Nc5 12. Ne5 $14) 11. Re1 (11.
e5 Nd5 12. Nxd5 exd5 13. Re1 Nc5 14. d4 Nd3 15. Re2 $13) 11... Nc5 12. d4 Nd3
13. Re2 Bb4 $132) 10. a3 (10. d4 Ba6 11. Re1 Nd3 12. Re2 c5 $132) 10... Nd3 11.
Bc3 e5 (11... c5 $5) 12. b4 c5 13. Qb3 Qc7 $1 14. Qd5 $2 (14. Ne1 $5) 14... Ba6
$1 (14... c4 15. Qxa8 Bb7 16. Qxa7 Ra8 17. Qxa8+ Bxa8 18. Ne1 $14) 15. Qb3 cxb4
(15... c4 $15) 16. axb4 Bc4 17. Qc2 (17. Qa3 $2 a5 $19) (17. Qa4 b5 $17) 17...
Bxb4 (17... Nxb4 $2 18. Bxb4 Bxb4 19. d3 $18) 18. Ne1 Nxe1 19. Rxe1 Be6 20. Bf1
Bc5 (20... Bxc3 $5 21. Nxc3 Nc5 $17) 21. Qb2 f5 22. exf5 Bxf5 (22... Rxf5 23.
d4 exd4 24. Bxd4 Qd6 25. Bxc5 Nxc5 $15) 23. d4 exd4 24. Bxd4 Bxd4 (24... Bxb1
$2 25. Bc4+ $18) (24... Nf6 $5 25. Na3 $44) 25. Qxd4 Bxb1 $2 (25... Nc5 26. Nc3
$132) 26. Re7 (26. Re7 Rf7 27. Bc4 $18) 1-0

[Event "GER-ch 70th"]
[Site "Bremen"]
[Date "1998.11.12"]
[Round "7"]
[White "Espig, Lutz"]
[Black "Meins, Gerlef"]
[Result "1/2-1/2"]
[WhiteElo "2440"]
[BlackElo "2455"]
[Annotator "Ribli,Z"]
[PlyCount "78"]
[EventDate "1998.11.06"]
[EventType "swiss"]
[EventRounds "9"]
[EventCountry "GER"]
[SourceTitle "CBM 068"]
[Source "ChessBase"]
[SourceDate "1999.02.01"]
[SourceVersion "1"]
[SourceVersionDate "1999.02.01"]
[SourceQuality "1"]

1. Nf3 Nf6 2. c4 e6 3. g3 d5 4. b3 {Weiß vermeidet die konkreten Varianten mit
4.Bg2 dxc4 oder 4.d4 dxc4 und hält die Stellung geschlossen. Ribli.} Be7 5. Bg2
c5 6. O-O Nc6 7. e3 (7. Bb2 d4 {[%csl Rb2]}) 7... O-O 8. Bb2 b6 9. Nc3 Bb7 10.
cxd5 Nxd5 (10... exd5 11. d4 $14 {Und Weiß hat eine bequeme Stellung, in der
der schwarze Bauer d5 stets schwach, die Läufer auf b2 und g2 stark sind.}) 11.
Nxd5 Qxd5 12. d4 {Meines Erachtens ist diese Variante vorteilhaft für Weiß.
Die positionelle weiße Drohung ist 13.Ne5.} Rad8 (12... Rfd8 13. Ne5 {[%cal
Rg2b7]} Qd6 14. Qh5 g6 15. Qf3 {[%cal Rf3f7,Rg2b7]} Nxe5 16. Qxb7 $16) (12...
Qd8 13. dxc5 Bxc5 14. Ne5 Nxe5 15. Bxb7 Rb8 16. Be4 $16 {[%csl Gb2,Ge4]}) 13.
Ne5 Qd6 {[#]} 14. dxc5 (14. Nxc6 Bxc6 {[#]} 15. Qg4 {[%csl Rg7][%cal Rg4g8,
Rd4c5]} cxd4 16. Bxd4 (16. Bxc6 Qxc6 17. Bxd4 f6 (17... g6) 18. Rac1 Qd7 19.
Bb2 e5 20. Qc4+ Qd5 21. Qxd5+ Rxd5 22. Rc7 Bc5 23. Rxa7 {1-0 Espig,L-Delanoy,A/
Kecskemet 1989/TD (46)}) 16... g6 17. Bxc6 Qxc6 18. Rac1 Qd6 19. Rfd1 (19. Qe4
$14 {Weiß hat eine aktive Stellung und anhaltende Initiative.}) 19... Qb8 20.
h4 Rd5 21. Rc6 Rfd8 22. Rdc1 h5 23. Qe4 Bd6 24. Kg2 Qb7 {1/2-1/2 Brunner,
L-Schmidt Schaeffer,S/SWZ-chT 1993/TD (48)}) 14... Qxc5 15. Nd7 {[%csl Gd7]
[%cal Rd7c5,Rd7f8]} (15. Qe2 Nxe5 16. Bxb7 Bf6 17. Rfd1 Ng4 18. Bxf6 Nxf6 19.
Qa6 Qc7 20. Rac1 Rxd1+ 21. Rxd1 h6 {1/2-1/2 Slipak,S-Servat,R/ARG-ch 1994/TD 
(42)}) 15... Qf5 $5 (15... Qg5 16. h4 (16. Rc1 Bc5 17. b4 Qe7 18. bxc5 Rxd7 19.
Qa4 b5 20. Qxb5 Rc7 21. Rfd1 Rd8 22. Rd6 Rdc8 23. Qd3 f6 24. Rxe6 Nb4 25. Rxe7
Nxd3 26. Bxb7 {1-0 Damljanovic,B-Eslon,J/Benidorm 1992/TD (26)}) 16... Qh6 $8
17. Rc1 Na5 18. Nxf8 Rxd1 19. Rfxd1 Bxf8 20. Rd8 Qh5 21. Ba3 h6 22. Rxf8+ Kh7
23. Rc7 Qd1+ 24. Kh2 Bxg2 25. Kxg2 f5 26. Bb2 Qd5+ 27. Kh2 Kg6 28. Rxg7+ Kh5
29. Rh8 {1-0 Galliamova Ivanchuk,A-Inkiov,V/Moscow 1989/TD (29)}) 16. e4 {
Alles kommt mit Tempo! Die weiße Stellung ist viel aktiver und Schwarz muß
bereits einzige Züge finden, um den sofortigen Partieverlust zu vermeiden.} (
16. Rc1 Na5 (16... Bc5 $5 17. Nxf8 Rxd1 18. Rfxd1 Kxf8 19. b4 Nxb4 20. Bxb7 Nd3
$15) 17. e4 Qg5 18. h4 Qh6 19. Rc7 Rfe8 20. Bc1 g5 21. b4 Rc8 22. Rxc8 Bxc8 23.
bxa5 Rd8 24. Bxg5 {1-0 Knudsen,P-Berg,K/Esbjerg 1980/EXT 98 (24)}) (16. Nxf8
Rxd1 17. Rfxd1 Kxf8 18. Rd7 Qc2 $17) 16... Qg5 (16... Qg6 $2 {[%cal Rd7f8,
Rf8g6]} 17. Nxf8 $18) 17. h4 Qh6 18. Bc1 {[%cal Rc1h6]} g5 19. Bxg5 $6 $146 {
[#]Dieser Zug ist viel schwächer als seine Alternative 19.hxg5.} (19. hxg5 $5
Qg7 (19... Bxg5 20. f4 (20. Qg4 Rxd7 21. Bxg5 Qg6) 20... Qg7 {[%cal Rg7a1]} 21.
fxg5 Qxa1 22. Nf6+ Qxf6 (22... Kh8 23. Qh5 $18) 23. gxf6 Rxd1 24. Rxd1 $36) 20.
Nf6+ (20. e5 Kh8 21. Bf4 Ba3 22. b4 Bxb4 23. Qa4 Rxd7 24. Bxc6 Bxc6 25. Qxc6
Rfd8 26. Qa4 Bc5 27. Rad1 Rxd1 28. Rxd1 Qf8 29. Rxd8 Qxd8 30. Qxa7 Qd4 $36 {
0-1 Rath,U-Flear,G/Esbjerg 1982/EXT 99 (74)}) 20... Bxf6 21. gxf6 Qg6 (21...
Qxf6 22. Qg4+ Kh8 (22... Qg6 23. Qxg6+ hxg6 24. Bh6 Rfe8 25. Bg5 $16 {[%csl
Gg5]}) 23. Bg5 Qg6 24. Qh4 f6 25. Bh6 Rf7 26. Rac1 Nd4 27. Kh2 Rfd7 28. Rfd1 e5
29. Rc3 Kg8 30. Rcd3 Ba6 31. Re3 Rc8 32. Bh3 f5 33. Rxd4 exd4 34. exf5 Qf7 35.
Re4 Kh8 36. f6 Bb7 {1-0 Schneider,A-Peters,C/Budapest 1991/EXT 97 (36)}) 22.
Qe2 (22. Bd2 $6 Ba6 23. Re1 Ne5 $13) 22... Nd4 23. Qd3 Qxf6 24. Ba3 {1/2-1/2
Makarichev,S-Servat,R/Valencia 1990/EXT 97 (24)}) 19... Bxg5 {Das ist der
große Unterschied! Nach 19.hxg5 ist 19...Bxg5 weniger gut.} 20. hxg5 Qxg5 {
[%csl Rd7][%cal Rd8d1] Schwarz hat wegen des gefesselten Springer auf d7 eine
bequeme Stellung.} 21. Qg4 $8 {Weiß muß diesen Zug machen, um das Problem
seines Springers auf d7 zu lösen.} Qxg4 22. Nf6+ {[%cal Rf6g4,Rf6g8]} Kg7 23.
Nxg4 $15 {Schwarz kann mit dem Ergebnis der Eröffnung zufrieden sein. Seine
Figuren stehen aktiv, im Lager des Anziehenden steht der Springer g4 unsicher
und das Feld d4 ist schwach.} h5 (23... Nd4 $5 $15 {[%csl Gd4]}) 24. Ne3 Ne5 $6
(24... Nd4) 25. Rfd1 $11 Rxd1+ (25... Nd3 26. Rd2 $11 {[%cal Ga1d1]}) 26. Rxd1
Rc8 {[%cal Gc8c1]} 27. f4 Rc3 (27... Ng4 28. Nxg4 hxg4 29. Rd7 Rc1+ 30. Kh2 Bc6
31. Rxa7 Rc2 {[%csl Gc2][%cal Rc2h2,Gc6g2]} 32. Rc7 Bxe4 33. Rxc2 Bxc2 $11) 28.
fxe5 (28. Kf2 Nd3+ $5 (28... Ng4+ 29. Nxg4 hxg4 30. Rd7 Rc2+ $11) 29. Ke2 Nc1+
$15 30. Kd2 $6 Rd3+ 31. Kxc1 Rxe3 $17 {[%csl Rg3]}) 28... Rxe3 {[%csl Ge3,Re4,
Re5]} 29. Rd7 (29. Kf2 $5 Rc3 30. Rd7 Rc2+ 31. Kg1 Bc6 32. Rxa7 Rc1+ 33. Kh2
Rc2 $11 {[%csl Gc2][%cal Gc2h2,Gc6g2]}) 29... Bxe4 30. Kf2 (30. Bxe4 Rxe4 31.
Rxa7 Rxe5 $17) 30... Rd3 31. Rxd3 Bxd3 32. Ke3 $44 {[%csl Ge3][%cal Ge3f4,
Re3d3] Der weiße Minusbauer wird durch die Aktivität des Königs kompensiert.}
Bb1 33. a3 f6 34. Bf3 (34. Kf4) 34... Bg6 (34... fxe5 35. Bxh5 $11 {[%csl Re5,
Re6] Weiß hat "gesunde" Bauern und die schwarzen e-Bauern sind ungefährlich.})
(34... Kg6 35. Kf4 $44) 35. Kf4 Bf7 36. Be4 Be8 37. b4 Bb5 38. Bf3 {Weiß macht
wartet ab, denn Schwarz kann keinen Gewinnplan entwickeln.} Kg6 39. exf6 (39.
Be4+ f5 (39... Kg7 40. Bf3) 40. Bf3 $11) 39... Kxf6 {und in dieser gleichen
Stellung wurde Remis vereinbart.} (39... Kxf6 40. Bxh5 e5+ $11) 1/2-1/2